Szczegóły MARC21

A companion to modernist literature and culture /

003 -Nazwa inst., której nr kontr. jest w polu 001 [,]
    • @
    • Nazwa instytucji, której n kontrolny jest w polu 001
    • NUKAT
005 -DATA I CZAS OSTATNIEJ MODYFIKACJI [,]
    • @
    • pole kontrolne
    • 20241231114328.0
020 -Międzynarod. znormalizowany nr książki - ISBN [ , ]
    • a
    • Numer ISBN
    • 9780631204350 Find
    • q
    • Dopowiedzenie
    • hardcover: alk. paper
020 -Międzynarod. znormalizowany nr książki - ISBN [ , ]
    • a
    • Numer ISBN
    • 9781405188227 Find
    • q
    • Dopowiedzenie
    • pbk.
040 -Instytucja sporządzająca opis [ , ]
    • a
    • Instytucja, która sporządziła opis (NP)
    • POZN U/AnK
    • c
    • Instytucja, która sporządziła rekord (NP)
    • POZN U/AnK
    • d
    • Instytucja, która zmodyfikowała rekord (P)
    • POZN U/RD
    • d
    • Instytucja, która zmodyfikowała rekord (P)
    • POZN U/KNs
942 -Rodzaj dokumentu [ , ]
    • c
    • Rodzaj dokumentu
    • Książka
245 -Strefa tytułu i oznaczenia odpowiedzialności [0,2]
    • a
    • Tytuł
    • A companion to modernist literature and culture / Find
    • c
    • Pozostałe elementy strefy tytułu i oznaczenia odpowiedzialności (NP)
    • ed. by David Bradshaw and Kevin J. H. Dettmar.
260 -Strefa adresu wydawniczego [ , ]
    • a
    • Miejsce wydania (P)
    • Malden [etc.] :
    • b
    • Nazwa wydawcy (P)
    • Wiley-Blackwell,
    • c
    • Data wydania (P)
    • 2008.
300 -Strefa opisu fizycznego [ , ]
    • a
    • Określenie formy książki i/lub objętość (NP)
    • XXI, [1], 593 s. ;
    • c
    • Format (NP)
    • 25 cm.
336 -Typ zawartości [ , ]
    • a
    • Termin opisujący typ zawartości
    • Tekst
    • b
    • Kod określający zawartość
    • txt
    • 2
    • Źródło (terminu i kodu)
    • rdacontent
337 -Typ mediów [ , ]
    • a
    • Tryb odtwarzania
    • Bez urządzenia pośredniczącego
    • b
    • Kod typu mediów
    • n
    • 2
    • Źródło (terminu i kodu)
    • rdamedia
338 -Typ/rodzaj nośnika [ , ]
    • a
    • Hasło opisujące typ nośnika
    • Wolumin
    • b
    • Kod typu nośnika
    • nc
    • 2
    • Źródło (terminu i kodu)
    • rdacarrier
490 -Strefa serii i książki wielotomowej - forma nie do wyszukiwania [1, ]
    • a
    • Tytuł (P)
    • Blackwell Companions to Literature and Culture ; Find
    • v
    • Numeracja (P)
    • 39
830 -Hasło dodatkowe serii i opisu książki wielotomowej - tytuł ujednolicony/tytuł [ ,0]
    • a
    • Tytuł ujednolicony/tytuł (NP)
    • Blackwell Companions to Literature and Culture
    • v
    • Oznaczenie tomu (NP)
    • 39
    • 9
    • KHW
    • 645828
504 -Uwaga dot. bibliogr. załącznikowej [ , ]
    • a
    • Uwaga dot. bibliografii załącznikowej
    • Bibliogr. przy rozdz. Indeks.
080 -Uniwersalna Klasyfikacja Dziesiętna [ , ]
    • 2
    • Identyfikator wydania tablic
    • UDC-P058
    • a
    • Symbol klasyfikacji
    • 821.111(091)
    • b
    • Dopowiedzenie
    • Literatura angielska (historia).
    • b
    • Dopowiedzenie
    • "19"
    • x
    • Poddział wspólny
    • XX wiek.
    • b
    • Dopowiedzenie
    • (082.1)
    • x
    • Poddział wspólny
    • (Zbiory prac różnych autorów. Księgi pamiątkowe).
    • b
    • Dopowiedzenie
    • =111
    • x
    • Poddział wspólny
    • =Język angielski.
080 -Uniwersalna Klasyfikacja Dziesiętna [ , ]
    • 2
    • Identyfikator wydania tablic
    • UDC-P058
    • a
    • Symbol klasyfikacji
    • 821.111(73)(091)
    • b
    • Dopowiedzenie
    • Literatura amerykańska (historia).
    • b
    • Dopowiedzenie
    • '19"
    • x
    • Poddział wspólny
    • XX wiek.
    • b
    • Dopowiedzenie
    • (082.1)
    • x
    • Poddział wspólny
    • (Zbiory prac różnych autorów. Księgi pamiątkowe).
    • b
    • Dopowiedzenie
    • =111
    • x
    • Poddział wspólny
    • =Język angielski.
080 -Uniwersalna Klasyfikacja Dziesiętna [ , ]
    • 2
    • Identyfikator wydania tablic
    • UDC-P058
    • a
    • Symbol klasyfikacji
    • 7.036/.038
    • b
    • Dopowiedzenie
    • Sztuka nowoczesna.
    • b
    • Dopowiedzenie
    • "19"
    • x
    • Poddział wspólny
    • XX wiek.
    • b
    • Dopowiedzenie
    • (082.1)
    • x
    • Poddział wspólny
    • (Zbiory prac różnych autorów. Księgi pamiątkowe).
    • b
    • Dopowiedzenie
    • =111
    • x
    • Poddział wspólny
    • =Język angielski.
080 -Uniwersalna Klasyfikacja Dziesiętna [ , ]
    • 2
    • Identyfikator wydania tablic
    • UDC-P058
    • a
    • Symbol klasyfikacji
    • 008
    • b
    • Dopowiedzenie
    • Cywilizacja. Kultura. Postęp.
    • b
    • Dopowiedzenie
    • "19"
    • x
    • Poddział wspólny
    • XX wiek.
    • b
    • Dopowiedzenie
    • (082.1)
    • x
    • Poddział wspólny
    • (Zbiory prac różnych autorów. Księgi pamiątkowe).
    • b
    • Dopowiedzenie
    • =111
    • x
    • Poddział wspólny
    • =Język angielski.
650 -Hasło przedmiotowe [ ,7]
    • a
    • Hasło przedmiotowe
    • Literatura angielska
    • y
    • Określnik chronologiczny
    • 20 w.
    • x
    • Określnik rzeczowy
    • historia i krytyka.
    • 2
    • Źródło terminu
    • kaba
    • 9
    • KHW
    • 371797
650 -Hasło przedmiotowe [ ,7]
    • a
    • Hasło przedmiotowe
    • Literatura amerykańska
    • y
    • Określnik chronologiczny
    • 20 w.
    • x
    • Określnik rzeczowy
    • historia i krytyka.
    • 2
    • Źródło terminu
    • kaba
    • 9
    • KHW
    • 350465
650 -Hasło przedmiotowe [ ,7]
    • a
    • Hasło przedmiotowe
    • Modernizm (sztuka).
    • 2
    • Źródło terminu
    • kaba
    • 9
    • KHW
    • 119744
650 -Hasło przedmiotowe [ ,7]
    • a
    • Hasło przedmiotowe
    • Modernizm (literatura).
    • 2
    • Źródło terminu
    • kaba
    • 9
    • KHW
    • 119741
980 -Symbol UKD [ , ]
    • a
    • UKD
    • 821.111+821.111(73)](091)+7.036/.038+008]"19"(082.1)=111
700 -Hasło dodatkowe - nazwa osobowa [1, ]
    • a
    • Nazwa osobowa (NP)
    • Bradshaw, David Find
    • d
    • Daty biograficzne (NP)
    • (1955- ).
    • e
    • Określenie rodzaju współpracy
    • Red.
    • 9
    • KHW
    • 28594
700 -Hasło dodatkowe - nazwa osobowa [1, ]
    • a
    • Nazwa osobowa (NP)
    • Dettmar, Kevin J. H. Find
    • d
    • Daty biograficzne (NP)
    • (1958- ).
    • e
    • Określenie rodzaju współpracy
    • Red.
    • 9
    • KHW
    • 645866
920 -ISBN [ , ]
    • a
    • ISBN
    • 978-0-631-20435-0 Find
    • q
    • Dopowiedzenie
    • hardcover: alk. paper
920 -ISBN [ , ]
    • a
    • ISBN
    • 978-1-4051-8822-7 Find
    • q
    • Dopowiedzenie
    • pbk.
Numer inwentarzowy Status udost. Lokalizacja Data inwentaryzacji Sygnatura
A.82521BM2008-11-13ANG. Literaturoznawstwo 06